LEADER 00887nam 2200277 450 001 996714206003316 005 20260313093335.0 100 $a20260313d1975----km y0itay5003 ba 101 0 $aita 102 $aIT 105 $ay 00 y 200 1 $aFinanza, amministrazione e pensiero economico$eil caso della contabilità di Stato da Cavour al Fascismo$fdi Riccardo Faucci 210 $aTorino$cEinaudi$d1975 215 $a209 p.$d25 cm 225 2 $aStudi$fFondazione Luigi Einaudi$v20 410 0$12001$aStudi$fFondazione Luigi Einaudi$v20 606 0 $aItalia$xFinanza$z1853-1943$2BNCF 676 $a336.45 700 1$aFAUCCI,$bRiccardo$0119445 801 0$aIT$bcba$gREICAT 912 $a996714206003316 951 $aXVI.8. 217$b94892 G.$cXVI.8.$d372709 959 $aBK 969 $aFAVAG 996 $aFinanza, amministrazione e pensiero economico$933211 997 $aUNISA